书目信息 |
| 题名: |
地面立体摄影测量基础及其应用
|
|
| 作者: | ;中国科学院甘肃省冰川冻土沙漠研究所 主编 | |
| 分册: | ||
| 出版信息: | 北京 科学出版社 1973 |
|
| 页数: | 112页 | |
| 开本: | 20cm | |
| 丛书名: | ||
| 单 册: | ||
| 中图分类: | P232 | |
| 科图分类: | ||
| 主题词: | 地面摄影测量 | |
| 电子资源: | ||
| ISBN: | ||
| 000 | 00837nam0 2200229 45 | |
| 001 | 0180005573 | |
| 005 | 20060727103024.34 | |
| 010 | @dCNY0.40 | |
| 091 | @aCN@b13031.87 | |
| 100 | @a19950606d1973 em y0chiy0121 ea | |
| 101 | 0 | @achi |
| 102 | @aCN@b110000 | |
| 105 | @ay z 000yy | |
| 200 | 10 | @a地面立体摄影测量基础及其应用@Adi mian li ti she ying ce liang ji chu ji qi ying yong@f中国科学院甘肃省冰川冻土沙漠研究所主编@Fzhong guo ke xue yuan gan su sheng bing chuan dong tu sha mo yan jiu suo zhu bian |
| 210 | @a北京@c科学出版社@d1973 | |
| 215 | @a112页@d20cm | |
| 606 | @a地面摄影测量 | |
| 690 | @aP232@v3 | |
| 711 | 02 | @a中国科学院甘肃省冰川冻土沙漠研究所@Azhong guo ke xue yuan gan su sheng bing chuan dong tu sha mo yan jiu suo@4主编 |
| 801 | 0 | @aCN@bTSSF@c20060727 |
| 801 | 2 | @aCN@bNLC@c20060516 |
| 905 | @a10447@dP232@e2 | |
| 地面立体摄影测量基础及其应用/中国科学院甘肃省冰川冻土沙漠研究所主编.-北京:科学出版社,1973 |
| 112页;20cm |
| ISBN :CNY0.40 |
| ● |
| 相关链接 |
|
|
|
|
正题名:地面立体摄影测量基础及其应用
索取号:P232/2
 
预约/预借
| 序号 | 登录号 | 条形码 | 馆藏地/架位号 | 状态 | 备注 |
| 1 | 0016634 | 202353103 | 密集书库/ [索取号:P232/2] | 在馆 | |
| 2 | 0438732 | 204387323 | 密集书库/ [索取号:P232/2] | 在馆 |